[Event "Niedersachsen-chT U16"]
[Site "Lingen"]
[Date "2005.05.06"]
[Round "4.3"]
[White "Konrad, Jakob"]
[Black "Sanning, Nico"]
[Result "0-1"]
[WhiteElo "1799"]
[BlackElo "1367"]
[PlyCount "98"]
[EventDate "2005.05.05"]
[EventType "team-tourn"]
[EventRounds "5"]
[EventCountry "GER"]
[SourceTitle "EXT 2007"]
[Source "ChessBase"]
[SourceDate "2006.11.23"]
[SourceVersion "1"]
[SourceVersionDate "2006.11.23"]
[SourceQuality "1"]

1. d4 e6 2. Nf3 Nf6 3. Bf4 c5 4. e3 d5 5. c3 Nc6 6. Nbd2 Qb6 7. Qb3 Be7 8. Qxb6 axb6 9. Bd3 c4 10. Bc2 b5 11. 0-0 b4 12. e4 0-0 13. e5 Nd7 14. Bg5 Bxg5 15. Nxg5 h6 16. Nh3 bxc3 17. bxc3 Nb6 18. f4 Na4 19. Rf3 f5 20. exf6 Rxf6 21. g4 Nxc3 22. Rxc3 Nxd4 23. Bd1 b5 24. Nf3 b4 25. Rcc1 Nxf3+ 26. Bxf3 g5 27. f5 Ra3 28. Kg2 Bb7 29. Re1 Kf7 30. fxe6+ Rxe6 31. Rxe6 Kxe6 32. Ng1 b3 33. Re1+ Kd6 34. axb3 Rxb3 35. Ne2 Kc5 36. Nc1 Rb2+ 37. Kg3 d4 38. Re2 Rxe2 39. Bxe2 Be4 40. Kf2 d3 41. Bd1 Kd4 42. Na2 c3 43. Nxc3 Kxc3 44. Ke3 Bg6 45. h3 d2 46. Be2 Bd3 47. Bd1 Bf1 48. Ke4 Bxh3 49. Ke5 Bxg4 0-1

[Event "Niedersachsen-ch U16"]
[Site "Rotenburg/Wuemme"]
[Date "2005.03.22"]
[Round "5"]
[White "Dorn, Matthias"]
[Black "Konrad, Jakob"]
[Result "1-0"]
[WhiteElo "1783"]
[BlackElo "1718"]
[PlyCount "119"]
[EventDate "2005.03.19"]
[EventType "swiss"]
[EventRounds "9"]
[EventCountry "GER"]
[SourceTitle "EXT 2007"]
[Source "ChessBase"]
[SourceDate "2006.11.23"]
[SourceVersion "1"]
[SourceVersionDate "2006.11.23"]
[SourceQuality "1"]

1. d4 d5 2. Nf3 Nf6 3. e3 e6 4. Bd3 Bd6 5. Nbd2 Nbd7 6. 0-0 0-0 7. e4 dxe4 8. Nxe4 Nxe4 9. Bxe4 Nf6 10. Bd3 b6 11. Qe2 Bb7 12. Bg5 Be7 13. c3 Qd6 14. Ne5 h6 15. Bf4 Qd5 16. f3 Nh5 17. Be4 Nxf4 18. Qd2 Qa5 19. Bxb7 Bg5 20. Qc2 Nd5 21. Bxa8 Ne3 22. Qe4 Nxf1 23. Kxf1 Qb5+ 24. Nd3 f5 25. Qxe6+ Kh7 26. c4 Qa4 27. Bc6 Qc2 28. Ne5 Be3 29. Qg6+ Kh8 30. Qg3 Rf6 31. f4 Bxd4 32. Bd5 Kh7 33. Re1 c6 34. Bf3 Bxb2 35. Qf2 Qc3 36. Re3 Qc1+ 37. Qe1 a6 38. Qxc1 Bxc1 39. Rd3 Bxf4 40. Nd7 Rf7 41. g3 Bc7 42. Bxc6 f4 43. g4 Re7 44. Kf2 Kg6 45. h4 h5 46. g5 Kf5 47. Nf8 Re3 48. Rxe3 fxe3+ 49. Kf3 e2 50. Bd7+ Ke5 51. Kxe2 Kd6 52. Bh3 Ke7 53. Ne6 Be5 54. Ke3 g6 55. Nf4 Kf7 56. Be6+ Kg7 57. Bd5 Bc3 58. Be4 Be1 59. Nxg6 a5 60. Ne7 1-0

[Event "Niedersachsen-ch U16"]
[Site "Rotenburg/Wuemme"]
[Date "2005.03.22"]
[Round "6"]
[White "Konrad, Jakob"]
[Black "Opaska, Ines"]
[Result "1/2-1/2"]
[WhiteElo "1718"]
[BlackElo "1601"]
[PlyCount "61"]
[EventDate "2005.03.19"]
[EventType "swiss"]
[EventRounds "9"]
[EventCountry "GER"]
[SourceTitle "EXT 2007"]
[Source "ChessBase"]
[SourceDate "2006.11.23"]
[SourceVersion "1"]
[SourceVersionDate "2006.11.23"]
[SourceQuality "1"]

1. Nf3 f5 2. d3 d6 3. e4 fxe4 4. dxe4 Bg4 5. Bc4 e5 6. Qd5 Ne7 7. Qf7+ Kd7 8. Ng5 Qe8 9. Be6+ Bxe6 10. Qxe6+ Kc6 11. Nf7 Rg8 12. Nxe5+ Kb6 13. Be3+ Ka6 14. a4 b6 15. a5 dxe5 16. axb6+ Kb7 17. bxa7 Nbc6 18. b4 Qg6 19. Qc4 Nxa7 20. 0-0 Nac8 21. Rxa8 Kxa8 22. Nc3 Qc6 23. Ra1+ Kb8 24. Qa2 Nb6 25. Bxb6 cxb6 26. Qa7+ Kc8 27. Na4 Qb7 28. Nxb6+ Kc7 29. Na8+ Kc8 30. Nb6+ Kc7 31. Na8+ 1/2-1/2

[Event "Niedersachsen-ch U16"]
[Site "Rotenburg/Wuemme"]
[Date "2005.03.20"]
[Round "2"]
[White "Konrad, Jakob"]
[Black "Biller, Eugen"]
[Result "1-0"]
[WhiteElo "1718"]
[BlackElo "2039"]
[PlyCount "67"]
[EventDate "2005.03.19"]
[EventType "swiss"]
[EventRounds "9"]
[EventCountry "GER"]
[SourceTitle "EXT 2007"]
[Source "ChessBase"]
[SourceDate "2006.11.23"]
[SourceVersion "1"]
[SourceVersionDate "2006.11.23"]
[SourceQuality "1"]

1. d4 d5 2. Nf3 Nf6 3. Bf4 e6 4. e3 c5 5. c3 Nc6 6. Nbd2 Bd6 7. Ne5 Qc7 8. Bb5 0-0 9. Bxc6 bxc6 10. 0-0 Nd7 11. Nxd7 Bxd7 12. Bxd6 Qxd6 13. Nb3 cxd4 14. cxd4 Rfb8 15. Qc2 Rb6 16. Nc5 a5 17. b3 f6 18. f4 Be8 19. Qc3 Rb5 20. Rac1 Ra7 21. Rf2 h6 22. Rcf1 Bg6 23. g4 f5 24. Rg2 fxg4 25. Rxg4 Bf5 26. Rg3 h5 27. Kf2 h4 28. Rg5 g6 29. Rfg1 Kf7 30. Nd3 Qa3 31. Ne5+ Kf8 32. Qxc6 Qxa2+ 33. Kf3 Qxh2 34. Qd6+ 1-0

[Event "Niedersachsen-ch U16"]
[Site "Rotenburg/Wuemme"]
[Date "2005.03.19"]
[Round "1"]
[White "Woscholski, Rouven"]
[Black "Konrad, Jakob"]
[Result "0-1"]
[WhiteElo "1483"]
[BlackElo "1718"]
[PlyCount "60"]
[EventDate "2005.03.19"]
[EventType "swiss"]
[EventRounds "9"]
[EventCountry "GER"]
[SourceTitle "EXT 2007"]
[Source "ChessBase"]
[SourceDate "2006.11.23"]
[SourceVersion "1"]
[SourceVersionDate "2006.11.23"]
[SourceQuality "1"]

1. e4 c5 2. Nf3 e6 3. Nc3 Nc6 4. Bb5 Nge7 5. 0-0 g6 6. d4 cxd4 7. Nxd4 Bg7 8. Bxc6 bxc6 9. Nce2 0-0 10. Ng3 d5 11. exd5 cxd5 12. Nf3 Rb8 13. Rb1 Qa5 14. a3 Ba6 15. Re1 Rfc8 16. Bd2 Qc7 17. c3 Nc6 18. Qc1 Rb3 19. Be3 Bd3 20. Qd1 Bxb1 21. Qxb3 Rb8 22. Qxb8+ Qxb8 23. Rxb1 Bxc3 24. Ne2 Bg7 25. Ned4 Na5 26. Nd2 e5 27. N4f3 h6 28. Bc5 Qb5 29. Bb4 Nc6 30. Nf1 Nxb4 0-1

[Event "GER-chT North U16"]
[Site "Syke"]
[Date "2004.09.16"]
[Round "1.3"]
[White "Konrad, Jakob"]
[Black "Janiesch, Maike"]
[Result "1/2-1/2"]
[WhiteElo "1748"]
[BlackElo "1468"]
[PlyCount "77"]
[EventDate "2004.09.16"]
[EventType "team-swiss"]
[EventRounds "7"]
[EventCountry "GER"]
[SourceTitle "EXT 2006"]
[Source "ChessBase"]
[SourceDate "2005.11.24"]
[SourceVersion "1"]
[SourceVersionDate "2005.11.24"]
[SourceQuality "1"]

1. d4 d5 2. Nf3 Nf6 3. Bf4 e6 4. c4 Be7 5. Nc3 dxc4 6. e3 Nd5 7. Bg3 Nxc3 8. bxc3 b5 9. a4 c6 10. Ne5 0-0 11. Be2 Bb7 12. Bf3 f6 13. Nxc6 Bxc6 14. axb5 Bxf3 15. Qxf3 Qd5 16. Qxd5 exd5 17. b6 Nc6 18. b7 Rad8 19. Ra6 Nb8 20. Rxa7 Bd6 21. Ke2 Bxg3 22. hxg3 Rf7 23. Rb1 Rdd7 24. Ra8 Rf8 25. Ra5 h6 26. f3 Kh7 27. Rc5 f5 28. Rc8 Rfd8 29. Rc5 Re7 30. Kf2 Rf7 31. Rbb5 Rfd7 32. f4 Rd6 33. Kf3 h5 34. Kf2 R6d7 35. Kf3 Kg6 36. Rb6+ Kf7 37. Rbb5 Ke7 38. Kf2 Rd6 39. Rc7+ 1/2-1/2

[Event "Niedersachsen-chT U16"]
[Site "Verden"]
[Date "2004.05.22"]
[Round "5.2"]
[White "Seemann, Semjon"]
[Black "Konrad, Jakob"]
[Result "0-1"]
[WhiteElo "1642"]
[BlackElo "1793"]
[PlyCount "106"]
[EventDate "2004.05.20"]
[EventType "team-tourn"]
[EventRounds "7"]
[EventCountry "GER"]
[SourceTitle "EXT 2005"]
[Source "ChessBase"]
[SourceDate "2004.11.15"]
[SourceVersion "1"]
[SourceVersionDate "2004.11.15"]
[SourceQuality "1"]
[WhiteTeam "04"]
[BlackTeam "02"]
[WhiteTeamCountry "GER"]
[BlackTeamCountry "GER"]

1. e4 c5 2. Nf3 e6 3. d4 cxd4 4. Nxd4 Qb6 5. Nc3 Bc5 6. Be3 Nc6 7. Na4 Qa5+ 8. Nc3 Bb4 9. Qd2 Nf6 10. f3 d5 11. Nb3 Bxc3 12. bxc3 Qc7 13. Bf4 Qe7 14. Bd3 dxe4 15. fxe4 e5 16. Be3 Nxe4 17. Bxe4 Qh4+ 18. Qf2 Qxe4 19. 0-0 Qg6 20. Bc5 f6 21. Rad1 Kf7 22. Nd2 Be6 23. Nf3 Rhd8 24. Rxd8 Rxd8 25. Bxa7 Ra8 26. a3 Kg8 27. Bc5 Rd8 28. Qe2 e4 29. Nd4 Bd5 30. c4 Nxd4 31. Bxd4 Bc6 32. c3 Ra8 33. Bc5 Ra5 34. Qe3 Qh5 35. Bb4 Qg5 36. Re1 Qxe3+ 37. Rxe3 f5 38. g3 Ra8 39. Bd6 Kf7 40. Kf2 Ke6 41. Bb4 g5 42. Re1 Rd8 43. Bc5 Rd2+ 44. Re2 Rxe2+ 45. Kxe2 f4 46. h4 fxg3 47. hxg5 Kf5 48. Be3 Kg4 49. g6 hxg6 50. Bg1 Kh3 51. Kf1 Bd7 52. Be3 Kh2 53. Bg1+ Kh1 0-1

[Event "Niedersachsen-chT U16"]
[Site "Verden"]
[Date "2004.05.20"]
[Round "1.2"]
[White "Dorn, Matthias"]
[Black "Konrad, Jakob"]
[Result "1/2-1/2"]
[WhiteElo "1762"]
[BlackElo "1793"]
[PlyCount "72"]
[EventDate "2004.05.20"]
[EventType "team-tourn"]
[EventRounds "7"]
[EventCountry "GER"]
[SourceTitle "EXT 2005"]
[Source "ChessBase"]
[SourceDate "2004.11.15"]
[SourceVersion "1"]
[SourceVersionDate "2004.11.15"]
[SourceQuality "1"]
[WhiteTeam "05"]
[BlackTeam "02"]
[WhiteTeamCountry "GER"]
[BlackTeamCountry "GER"]

1. d4 d5 2. c4 e6 3. Nc3 c6 4. e4 dxe4 5. Nxe4 Nf6 6. Nxf6+ Qxf6 7. Nf3 Nd7 8. Bd3 Bb4+ 9. Bd2 Bxd2+ 10. Qxd2 0-0 11. 0-0 e5 12. Ng5 g6 13. Ne4 Qg7 14. d5 f5 15. Nc3 e4 16. Bc2 Ne5 17. dxc6 bxc6 18. Rad1 Nxc4 19. Bb3 Be6 20. Qe2 Qf7 21. Rd4 Ne5 22. Bxe6 Qxe6 23. Rfd1 Qe7 24. Qe3 Rfe8 25. Ne2 Nd3 26. Nf4 Nxf4 27. Qxf4 Rad8 28. Qe3 c5 29. Qb3+ Kg7 30. Rxd8 Rxd8 31. Rxd8 Qxd8 32. Qc3+ Kg8 33. Qc4+ Kg7 34. Qc3+ Kg8 35. Qc4+ Kg7 36. Qc3+ Kg8 1/2-1/2

[Event "Niedersachsen-ch U16"]
[Site "Borkum"]
[Date "2004.04.08"]
[Round "8"]
[White "Konrad, Jakob"]
[Black "Albers, Michael"]
[Result "1-0"]
[WhiteElo "1744"]
[BlackElo "1760"]
[PlyCount "113"]
[EventDate "2004.04.??"]
[EventType "swiss"]
[EventRounds "9"]
[EventCountry "GER"]
[SourceTitle "EXT 2005"]
[Source "ChessBase"]
[SourceDate "2004.11.15"]
[SourceVersion "1"]
[SourceVersionDate "2004.11.15"]
[SourceQuality "1"]

1. d4 d5 2. Nf3 Nf6 3. Bf4 e6 4. c4 Bb4+ 5. Nc3 0-0 6. a3 Bd6 7. Bg3 Re8 8. e3 c6 9. Qc2 Qe7 10. b4 Nbd7 11. Bd3 e5 12. dxe5 Nxe5 13. Nxe5 Bxe5 14. cxd5 cxd5 15. Bxe5 Qxe5 16. 0-0 Ng4 17. g3 Qh5 18. h4 Ne5 19. Be2 Bg4 20. Qd1 Bxe2 21. Qxe2 Nf3+ 22. Kg2 d4 23. Qxf3 Qxf3+ 24. Kxf3 dxc3 25. Rac1 Rac8 26. Rc2 Rc7 27. Ke2 f6 28. Rd1 Kf7 29. Rd3 Rec8 30. Kd1 Ke6 31. Kc1 b6 32. Kb1 a5 33. Ka2 a4 34. Kb1 b5 35. Kc1 g6 36. Kd1 h5 37. e4 f5 38. exf5+ gxf5 39. Re2+ Kf6 40. Kc2 Rc6 41. Ree3 Re6 42. Rxe6+ Kxe6 43. Rxc3 Rxc3+ 44. Kxc3 f4 45. Kd4 fxg3 46. fxg3 Kd6 47. Ke4 Ke6 48. Kf4 Kd5 49. g4 hxg4 50. h5 Kc4 51. h6 Kb3 52. h7 Kxa3 53. h8Q Kxb4 54. Qb2+ Kc4 55. Kxg4 b4 56. Kf4 a3 57. Qc2+ 1-0

[Event "Niedersachsen-ch U16"]
[Site "Borkum"]
[Date "2004.04.05"]
[Round "4"]
[White "Schulze, Dorothee"]
[Black "Konrad, Jakob"]
[Result "0-1"]
[WhiteElo "1793"]
[BlackElo "1744"]
[PlyCount "84"]
[EventDate "2004.04.??"]
[EventType "swiss"]
[EventRounds "9"]
[EventCountry "GER"]
[SourceTitle "EXT 2005"]
[Source "ChessBase"]
[SourceDate "2004.11.15"]
[SourceVersion "1"]
[SourceVersionDate "2004.11.15"]
[SourceQuality "1"]

1. e4 c5 2. Nf3 e6 3. d4 cxd4 4. Nxd4 Qb6 5. Nb3 Nc6 6. g3 Nf6 7. Bg2 a6 8. 0-0 Be7 9. Be3 Qc7 10. Kh1 0-0 11. f4 d6 12. Nc3 b5 13. h3 Bb7 14. g4 Nd7 15. Ne2 Nb6 16. Nd2 Rad8 17. Ng3 d5 18. e5 Nc4 19. Nxc4 dxc4 20. Qe2 Nd4 21. Qf2 Bxg2+ 22. Kxg2 Qb7+ 23. Kh2 Nc6 24. Rad1 Nb4 25. a3 Nd5 26. Bd4 Rd7 27. Ne4 Rfd8 28. Bc5 Ne3 29. Qxe3 Rxd1 30. Rxd1 Rxd1 31. Bxe7 Qxe7 32. Qb6 Rc1 33. Qf2 h6 34. Qd2 Rb1 35. c3 Qb7 36. Ng3 Qd5 37. Qc2 Qd3 38. Qg2 Qd5 39. Qf2 Rd1 40. Nf1 Qd3 41. Kg2 Qe4+ 42. Kh2 Qe1 0-1

[Event "GER-chT U12"]
[Site "Seifhennersdorf"]
[Date "2001.12.29"]
[Round "5.3"]
[White "Braunstein, Fabian"]
[Black "Konrad, Jakob"]
[Result "0-1"]
[WhiteElo "1404"]
[BlackElo "1352"]
[PlyCount "86"]
[EventDate "2001.12.27"]
[EventType "team-tourn"]
[EventRounds "7"]
[EventCountry "GER"]
[SourceTitle "EXT 2003"]
[Source "ChessBase"]
[SourceDate "2002.11.25"]
[SourceVersion "1"]
[SourceVersionDate "2002.11.25"]
[SourceQuality "1"]

1. e4 c6 2. d4 d5 3. exd5 cxd5 4. c4 Nc6 5. Nf3 Bg4 6. cxd5 Qxd5 7. Be2 Nf6 8. Nc3 Qa5 9. 0-0 e6 10. Ne5 Nxe5 11. dxe5 Bxe2 12. Qxe2 Nd7 13. Bf4 Bb4 14. Nb5 0-0 15. a3 Be7 16. Nc3 Rfd8 17. Rfc1 Rac8 18. b4 Qc7 19. Ne4 Qb8 20. Ng3 Nb6 21. Qg4 Rxc1+ 22. Rxc1 Rc8 23. Rd1 Rd8 24. Rc1 Nd5 25. Nh5 g6 26. Re1 Rc8 27. Bh6 Bf8 28. Bd2 Rc2 29. Qd1 Qc7 30. Ng3 Nc3 31. Bxc3 Rxc3 32. Ne4 Rxa3 33. Nf6+ Kh8 34. Re4 Qc3 35. Rh4 h6 36. Ne4 Qxe5 37. Nd2 Ra1 38. Nb1 Qb2 39. g3 Rxb1 40. Qxb1 Qxb1+ 41. Kg2 Qf5 42. Rf4 Qd5+ 43. Kh3 Bd6 0-1

[Event "Niedersachsen-ch U12"]
[Site "Rotenburg"]
[Date "2001.04.??"]
[Round "2"]
[White "Konrad, Jakob"]
[Black "Collmann, Jan"]
[Result "1-0"]
[WhiteElo "1121"]
[BlackElo "1433"]
[PlyCount "115"]
[EventDate "2001.04.??"]
[EventType "swiss"]
[EventRounds "9"]
[EventCountry "GER"]
[SourceTitle "EXT 2003"]
[Source "ChessBase"]
[SourceDate "2002.11.25"]
[SourceVersion "1"]
[SourceVersionDate "2002.11.25"]
[SourceQuality "1"]

1. d4 Nf6 2. e3 e6 3. Nf3 b6 4. Bd3 Bb7 5. Nbd2 d6 6. 0-0 Nbd7 7. c3 c5 8. Qb3 Be7 9. Ng5 h6 10. Nge4 Nxe4 11. Bxe4 d5 12. Bf3 0-0 13. Re1 f5 14. c4 Nf6 15. cxd5 Bxd5 16. Bxd5 exd5 17. f4 c4 18. Qc2 Qd7 19. Nf3 Bd6 20. b3 b5 21. Rf1 Rac8 22. a4 a6 23. axb5 axb5 24. Ne5 Qc7 25. bxc4 dxc4 26. Rb1 b4 27. Bd2 b3 28. Qb2 Kh7 29. Rfc1 Bxe5 30. fxe5 Nd5 31. Ra1 c3 32. Qxb3 Qc4 33. Qxc4 Rxc4 34. Kf2 Rb8 35. Be1 Rb2+ 36. Kf3 g5 37. Ra5 g4+ 38. Kg3 Nxe3 39. Rxc3 Rxc3 40. Bxc3 Rxg2+ 41. Kf4 Nd5+ 42. Kxf5 Nxc3 43. Ra7+ Kg8 44. Kg6 Kf8 45. e6 Nd5 46. Ra8+ Ke7 47. Kf5 Rf2+ 48. Ke4 Nf6+ 49. Ke5 Re2+ 50. Kf5 Rf2+ 51. Ke5 Nd7+ 52. Kd5 Rf5+ 53. Ke4 Re5+ 54. dxe5 Nc5+ 55. Kd5 Nxe6 56. Ra7+ Kd8 57. Kxe6 h5 58. Kf5 1-0

[Event "Niedersachsen-ch U12"]
[Site "Rotenburg"]
[Date "2001.04.??"]
[Round "8"]
[White "Konrad, Jakob"]
[Black "Reusch, Julian"]
[Result "1-0"]
[WhiteElo "1121"]
[BlackElo "1121"]
[PlyCount "115"]
[EventDate "2001.04.??"]
[EventType "swiss"]
[EventRounds "9"]
[EventCountry "GER"]
[SourceTitle "EXT 2003"]
[Source "ChessBase"]
[SourceDate "2002.11.25"]
[SourceVersion "1"]
[SourceVersionDate "2002.11.25"]
[SourceQuality "1"]

1. d4 d5 2. e3 Nf6 3. Nf3 e6 4. Bd3 Bd6 5. Ne5 Nbd7 6. f4 Qe7 7. Nd2 b6 8. Nc6 Qf8 9. 0-0 Bb7 10. Ne5 0-0-0 11. c4 Qe7 12. Qa4 Kb8 13. cxd5 Bxe5 14. fxe5 Nxd5 15. Nf3 Qb4 16. Qc2 Qe7 17. a3 c5 18. Bd2 Rc8 19. Qb3 cxd4 20. exd4 f6 21. Be4 h6 22. Rac1 f5 23. Bxd5 Bxd5 24. Qb4 Qxb4 25. Bxb4 Bxf3 26. Rxc8+ Rxc8 27. Rxf3 Rc2 28. Bc3 b5 29. Rg3 Rc1+ 30. Kf2 g5 31. Rh3 Rc2+ 32. Ke3 Rxg2 33. Rxh6 Kc7 34. Rh8 Nb6 35. Rh7+ Kb8 36. Kf3 Rc2 37. Ke3 Nd5+ 38. Kd3 Rf2 39. Rh8+ Kb7 40. Rh7+ Kb8 41. Rh8+ Kb7 42. Rh6 Nf4+ 43. Ke3 Re2+ 44. Kf3 Re4 45. h3 Nxh3 46. Rxe6 g4+ 47. Kg3 Re3+ 48. Kh4 Nf4 49. Re7+ Kb6 50. Kg5 Nd5 51. Re6+ Kc7 52. Ba5+ Kd7 53. Rd6+ Ke7 54. Rxd5 g3 55. Bb4+ Ke8 56. Ba5 g2 57. Kf6 Rxe5 58. Rd8# 1-0

[Event "Niedersachsen-ch U12"]
[Site "Rotenburg"]
[Date "2001.04.??"]
[Round "9"]
[White "Lubbe, Alexander"]
[Black "Konrad, Jakob"]
[Result "1/2-1/2"]
[WhiteElo "1239"]
[BlackElo "1121"]
[PlyCount "72"]
[EventDate "2001.04.??"]
[EventType "swiss"]
[EventRounds "9"]
[EventCountry "GER"]
[SourceTitle "EXT 2003"]
[Source "ChessBase"]
[SourceDate "2002.11.25"]
[SourceVersion "1"]
[SourceVersionDate "2002.11.25"]
[SourceQuality "1"]

1. e4 d5 2. exd5 Qxd5 3. Nc3 Qa5 4. d4 Nf6 5. Bd2 Bg4 6. Ne4 Qf5 7. Nxf6+ gxf6 8. f3 Qe6+ 9. Qe2 Qxe2+ 10. Nxe2 Be6 11. Nf4 Nd7 12. Nxe6 fxe6 13. Bc4 e5 14. c3 exd4 15. cxd4 0-0-0 16. Be6 Bg7 17. 0-0-0 Kb8 18. Bb4 Nb6 19. d5 Bf8 20. Rhe1 h6 21. Bf7 Rh7 22. Bxe7 Rxf7 23. Bxd8 Kc8 24. Bxf6 Rxf6 25. Re6 Nxd5 26. Re8+ Kd7 27. Rxf8 Rxf8 28. Rxd5+ Kc6 29. Rh5 Rf6 30. Kd2 Kd6 31. Kd3 c5 32. Ke4 b5 33. b4 Re6+ 34. Kd3 c4+ 35. Kd4 Kc6 36. f4 Rd6+ 1/2-1/2

[Event "Niedersachsen-ch U12"]
[Site "Lingen"]
[Date "2000.04.??"]
[Round "5"]
[White "Abel, Dennes"]
[Black "Konrad, Jakob"]
[Result "1-0"]
[WhiteElo "1369"]
[BlackElo "702"]
[PlyCount "61"]
[EventDate "2000.04.??"]
[EventType "swiss"]
[EventRounds "9"]
[EventCountry "GER"]
[SourceTitle "EXT 2003"]
[Source "ChessBase"]
[SourceDate "2002.11.25"]
[SourceVersion "1"]
[SourceVersionDate "2002.11.25"]
[SourceQuality "1"]

1. d4 Nf6 2. c4 c5 3. e3 g6 4. Nc3 Bg7 5. Nf3 0-0 6. Be2 d6 7. 0-0 a6 8. Ng5 Nc6 9. d5 Na7 10. a4 e6 11. e4 exd5 12. exd5 Re8 13. Bd3 Bd7 14. a5 Nc8 15. Bf4 Qc7 16. Qc2 b6 17. axb6 Nxb6 18. Nce4 Nxe4 19. Nxe4 Nc8 20. Rfe1 Kh8 21. Re2 Rb8 22. Qc1 Ra8 23. Qe1 Bxb2 24. Rxb2 f5 25. Qc3+ Kg8 26. Nf6+ Kf7 27. Nxe8 Bxe8 28. Rab1 Kf8 29. Bh6+ Kg8 30. Rb7 Qxb7 31. Rxb7 1-0

[Event "Niedersachsen-ch U12"]
[Site "Lingen"]
[Date "2000.04.??"]
[Round "1"]
[White "Konrad, Jakob"]
[Black "Venkata Ramani, Varun"]
[Result "0-1"]
[WhiteElo "702"]
[BlackElo "931"]
[PlyCount "81"]
[EventDate "2000.04.??"]
[EventType "swiss"]
[EventRounds "9"]
[EventCountry "GER"]
[SourceTitle "EXT 2003"]
[Source "ChessBase"]
[SourceDate "2002.11.25"]
[SourceVersion "1"]
[SourceVersionDate "2002.11.25"]
[SourceQuality "1"]

1. d4 d5 2. Bf4 Nf6 3. Nc3 c6 4. f3 Bf5 5. Qd2 Nbd7 6. e3 e6 7. g4 Bg6 8. Nge2 b5 9. Ng3 a5 10. Bxb5 cxb5 11. Nxb5 Rc8 12. c3 Qb6 13. a4 Qb7 14. h4 h6 15. Rc1 Nb6 16. b3 Be7 17. Bd6 0-0 18. g5 Ne8 19. Bf4 h5 20. Qe2 Qd7 21. e4 Nd6 22. Nxd6 Bxd6 23. Bxd6 Qxd6 24. e5 Qa3 25. Rd1 Qxb3 26. f4 Qxc3+ 27. Kf2 Qc2 28. Rd2 Qxa4 29. Nxh5 Rc2 30. Rhd1 Nc4 31. Rxc2 Qxc2 32. Qxc2 Bxc2 33. Rc1 Bb3 34. Ng3 a4 35. Ra1 Rb8 36. Ne2 a3 37. Nc3 a2 38. Ke2 Kh7 39. Kd3 Kg6 40. Nxa2 Bxa2 41. Rxa2 0-1